Estadísticas para Prueba de Argentina

Haz click aquí para intentar la prueba.

Estadísticas generales

  • Esta prueba ha sido intentada 301 veces
  • La puntuación promedio es 11 de 14

Estadísticas de respuestas

HintRespuesta% Correcto
Capital del PaísBuenos Aires
99%
Mundiales ganados por su Selección de Fútbol2
98%
El estilo de baile mas reconocido a nivel mundialTango
96%
Jugador de Futbol argentino ganador de 6 balones de OroLionel Messi
93%
Cantidad de provincias23
92%
Actual presidenteAlberto Fernandez
89%
Moneda del paísPeso Argentino
87%
El cerro mas alto, ubicado en la provincia de MendozaAconcagua
85%
Año de la Independecia Argentina1816
84%
Río mas ancho del mundoRio de la Plata
79%
Colores de su Bandera NacionalCeleste y Blanco
72%
Ciudad mas austral del mundoUshuaia
72%
El deporte nacionalPato
70%
Primer argentino en recibir el Premio Nobel de la PazCarlos Saavedra Lamas
16%

Distribución de puntuación

Porcentaje por número respondido

Porcentaje de gente con cada puntuación

Historial de tus puntuaciones

No has intentado esta prueba.